Power Ballads - Statistics

General Stats
  • This quiz has been taken 339 times
  • The average score is 14 of 36
Answer Stats
Power Ballad Band % Correct
Every Rose Has It's Thorn Poison
81%
Winds of Change Scorpions
70%
Open Arms Journey
66%
Love Bites Def Leppard
62%
Is This Love Whitesnake
61%
I'll Be There For You Bon Jovi
58%
Amanda Boston
56%
More Than Words Extreme
56%
Angel Aerosmith
50%
Love Hurts Nazareth
48%
Carrie Europe
47%
Broken Wings Mr. Mister
47%
Don't Know What You Got (Till It's Gone) Cinderella
45%
Sister Christian Night Ranger
45%
I Remember You Skid Row
42%
The Flame Cheap Trick
41%
Don't Cry Guns N' Roses
41%
When It's Love Van Halen
37%
To Be With You Mr. Big
36%
Silent Lucidity Queensrÿche
32%
Burning Heart Survivor
32%
When I See You Smile Bad English
31%
High Enough Damn Yankees
31%
Forever KISS
31%
Without You Motley Crue
31%
Sometimes She Cries Warrant
27%
When Children Cry White Lion
27%
Love Song Tesla
21%
The Ballad of Jayne L.A. Guns
18%
Fly To The Angels Slaughter
18%
Don't Close Your Eyes Kix
15%
House of Pain Faster Pussycat
13%
When I Look Into Your Eyes Firehouse
13%
The Angel Song Great White
12%
Honestly Stryper
11%
When I'm With You Sheriff
10%
No matching quizzes found
Score Distribution
Percent of People with Each Score
Percentile by Number Answered
Your Score History
You have not taken this quiz